Preformed defense responses in a powdery mildew-resistant Hungarian cherry pepper cultivar

A Hungarian cherry pepper (Capsicum annuum var. cerasiformé) cultivar ('Szentesi') displays resistance to pepper powdery mildew caused by Leveillula taurica. Resistance also develops in susceptible sweet pepper (C. annuum) when grafted on resistant cherry pepper cv. Szentesi rootstocks. Po...

Teljes leírás

Elmentve itt :
Bibliográfiai részletek
Szerzők: Albert Réka
Künstler András
Lantos Ferenc
Király Lóránt
Dokumentumtípus: Cikk
Megjelent: University of Szeged Faculty of Agriculture Hódmezővásárhely 2016
Sorozat:Review on agriculture and rural development 5 No. 1-2
Kulcsszavak:Növényvédelem - zöldség, Növénybetegségek - ellenállóság
Tárgyszavak:
Online Access:http://acta.bibl.u-szeged.hu/48033
LEADER 02800nab a2200253 i 4500
001 acta48033
005 20240412124041.0
008 170707s2016 hu o 0|| eng d
022 |a 2063-4803 
040 |a SZTE Egyetemi Kiadványok Repozitórium  |b hun 
041 |a eng 
100 1 |a Albert Réka 
245 1 0 |a Preformed defense responses in a powdery mildew-resistant Hungarian cherry pepper cultivar  |h [elektronikus dokumentum] /  |c  Albert Réka 
260 |a University of Szeged Faculty of Agriculture  |b Hódmezővásárhely  |c 2016 
300 |a 5-12 
490 0 |a Review on agriculture and rural development  |v 5 No. 1-2 
520 3 |a A Hungarian cherry pepper (Capsicum annuum var. cerasiformé) cultivar ('Szentesi') displays resistance to pepper powdery mildew caused by Leveillula taurica. Resistance also develops in susceptible sweet pepper (C. annuum) when grafted on resistant cherry pepper cv. Szentesi rootstocks. Powdery mildew (PM) resistance is correlated with high levels of the defense regulator reactive oxygen species superoxide (O2 ') even in healthy plants. In order to further elucidate the mechanisms of preformed defense responses in cherry pepper cv. Szentesi we have monitored levels of salicylic acid (SA), a key molecule of plant defense signaling and expression of so-called pathogenesis/defense related (PR) genes in healthy pepper plants. Assays of free and bound (glycosylated) SA by high performance liquid chromatography (HPLC) revealed that in leaves of PM-resistant pepper levels of free SA are ca. twice as high compared to that of PM-sensitive plants. No difference occurred in levels of bound (glycosylated) SA. Expression of the CaPR-1 gene was several times higher in leaves of PM-resistant pepper than in sensitive plants as assayed by real time reverse transcription quantitative polymerase chain reaction (real time RT-qPCR). On the other hand, high expression levels of the CaPR-2 (glucanase) gene did not entirely correlate with PM-resistance, being detectable only in PM-resistant cv. Szentesi plants but neither in PM-resistant sweet pepper cv. Totál grafted on cv. Szentesi rootstocks nor in susceptible controls (cv. Totál). It seems that graft-transmissible PMresistance of the cherry pepper cv. Szentesi is correlated not only with high levels of superoxide but also with elevated levels of free salicylic acid and enhanced expression of the defense-related CaPR-1 gene. 
650 4 |a Mezőgazdaság-tudományok 
650 4 |a Mezőgazdaság, erdészet, halászat 
695 |a Növényvédelem - zöldség, Növénybetegségek - ellenállóság 
700 0 1 |a Künstler András  |e aut 
700 0 1 |a Lantos Ferenc  |e aut 
700 0 1 |a Király Lóránt  |e aut 
856 4 0 |u http://acta.bibl.u-szeged.hu/48033/1/review_2016_001_002_005-012.pdf  |z Dokumentum-elérés